| 000 | 02927nam a2200241 a 4500 | ||
|---|---|---|---|
| 001 | 000000631 | ||
| 005 | 20200929145355.0 | ||
| 008 | 090331s2002 dr ad 000 0 spa d | ||
| 020 | _a8479087218 | ||
| 020 | _a9788479087210 | ||
| 040 |
_aDO-SdBNP _bspa _cBNPHU |
||
| 082 |
_a303.1 _bJ82i |
||
| 100 | 1 |
_aJorge Sierra, Elena _92112 |
|
| 245 | 1 | 3 |
_aLa investigación social y el dato complejo : _buna primera aproximación / _cElena Jorge Sierra. |
| 260 |
_a[España] : _bUniversidad de Alicante, _c2002. |
||
| 300 |
_a246 p. : _bil., grafs. ; _c24 cm. |
||
| 490 | 1 | _aTextos Docentes | |
| 505 | 2 |
_tIntroducción -- _gParte I. _tDel método en la investigación social. El método como instrumento de legitimación teórica. Antecedentes del eterno debate cuantitativo/cualitativo -- _tLos orígenes de la sociología positiva -- _tLa sociología comprensiva de Weber, entre el historicismo alemán y el positivismo francés -- _tEl neopositivismo lógico y la corriente operacionalista -- _tSubstratos teóricos de la perspectiva cualitativa; fenomenología y etnometodología -- _gParte II. _tLo cuantitativo frente a lo cualitativo. Una aproximación al dato complejo. El debate explicación comprensión o de lo cuantitativo a lo cualitativo y viceversa. Cuantitativo/ _tcualitativo una dicotomía no superada -- _tHacia una aproximación al dato complejo; la perspectiva de la complejidad -- _tDel dato complejo hacia una metodología realista -- _tHacia una teoría probabilística de lo social -- _tLa operacionalización del dato completo -- _gParte III. _tConsideración crítica de algunos supuestos y técnicas características de la perspectiva cuantitativa. El problema de la medida en la investigación social -- _tIsomorfismo y correspondencia entre sistemas axiomáticos cifrados, conceptos y propiedades de los objetos sociológicos -- _tDiscusiones en torno a la arbitrariedad de la medida en las ciencias sociales -- _tEscalas de magnitud (magnitude scaling): ¿un nuevo modelo de medición? -- _tCrítica a la utilización de elevados niveles de medición y el cumplimiento de los supuestos paramétricos -- _tEl cumplimiento de los supuestos paramétricos -- _tPerspectiva exploratoria frente a confirmatoria -- |
|
| 505 | 2 |
_tPresupuestos lógicos, metodológicos y técnicos de la encuesta como procedimiento de investigación social -- _gParte IV. _tMeta-análisis y simulaciones informáticas como elementos del contexto técnico-metodológico del dato complejo. Meta-análisis, una nueva aproximación a la relación teoría/ _tempiria -- _tLa utilidad de las simulaciones informáticas en la configuración del dato complejo -- _tDesde el horizonte de la complejidad: del dato complejo, vías para su obtención y aplicación práctica -- _tGlosario -- _tReferencias bibliográficas y links. |
|
| 650 | 4 |
_aCiencias sociales _xInvestigaciones _92113 |
|
| 650 | 4 |
_aSociología _xInvestigaciones _92114 |
|
| 830 | 0 |
_aTextos Docentes _92115 |
|
| 999 |
_c629 _d629 |
||